LDR 00868naa#a2200205#i#450# 001 EN\\bibl\123374 005 20260706015837.1 011 ## _a1994-4683 100 ## _a20230731b2023####ek#y0engy0150####ca 102 ## _aRU 200 1# _aPRACTICAL APPLICATION OF DEVELOPING GAMES IN THE LESSONS OF THE YAKUT NATIONAL WRESTLING KHAPSAGAY FOR STUDENTS OF NON-SPORTS HIGHER EDUCATION INSTITUTIONS _eJournal article 210 1# _aMoscow _cNational State University of Physical Education, Sports and Health named after P.F. Lesgaft _d2023 215 ## _a3 с. 608 ## _aJournal article _2local 675 ## _aМассовый спорт. Массовое спортивное движение. Народные виды спорта. 796.034.2 _z 700 #1 _aDruzyanov _gI I 700 #1 _aBessonova _gV P 700 #1 _aFedorov _gE P 700 #1 _aLukovtsev _gA A 856 4# _auchzapiski.lesgaft.spb.ru _u